| 000 | 00810nam a2200217Ia 4500 | ||
|---|---|---|---|
| 003 | OSt | ||
| 005 | 20210706133326.0 | ||
| 008 | 210310s1996 eu gr 000 0 spa d | ||
| 040 |
_aCO-JMCR _cCO-JMCR |
||
| 041 | 0 | _aspa | |
| 082 | 0 | 4 |
_a332.6328 / _bB213p _223 |
| 110 | 2 |
_aBanco Mundial _95980 |
|
| 245 | 1 | 0 |
_aOfrecimiento de opciones con respecto a la moneda de los préstamos vigentes basados en la canasta de monedas del Banco Internacional para la reconstrucción y el fomento (BIRF) / _cBanco Mundial |
| 260 |
_aWashington : _bBanco Mundial, _c1996 |
||
| 300 |
_a36 páginas ; _c22 cm. |
||
| 490 | 0 | _aProductos financieros del BIRF | |
| 500 | _aIncluye notas a pie de páginas. | ||
| 650 | 1 | 4 |
_aProductos financieros _916173 _xPréstamos |
| 650 | 2 | 4 |
_aCondiciones de préstamos _938385 |
| 942 |
_2ddc _cBK |
||
| 999 |
_c8043 _d8043 |
||